Deutsch 2000; eine einfuhrung in die moderne umgangssprache. band 2 /

Guardado en:
Autor Principal: Schapers, Roland
Formato: Libro
Publicado: Alemania (del este) : Max Hueber, 1983
Edición:4a. ed.
Materias:
Etiquetas: Agregar Etiqueta
Sin Etiquetas, Sea el primero en etiquetar este registro!
LEADER 00566nam a22001935a 4500
001 CEM.cems005864
005 20060214000000.0
008 130507s1983##################000#0#####d
003 CEMS
082 0 4 |a 438.64 
100 1 |a Schapers, Roland 
245 1 0 |a Deutsch 2000; eine einfuhrung in die moderne umgangssprache. band 2 / 
250 |a 4a. ed. 
260 |a Alemania (del este) :  |b Max Hueber,  |c 1983 
300 |a 176 p. 
653 |a Aleman 
653 |a Aleman 2do. año 
653 |a Aleman-textos 
859 |a CEMS  |b BIB. CEMS - 11 de abril  |h 438.64  |i Sch16-1/II  |p 15248.88  |t Ej.1